000 00708nab a2200229u 4500
001 16692
003 HDC
007 c| |||a|c|aaaa
008 210220b20140516my ||||| |||| 00| 0 may d
040 _aHDC
245 0 _aBank Islam struktur semula perniagaan
336 _atext
_2rdacontent
337 _acomputer
_2rdamedia
338 _aonline resource
_2rdacarrier
650 _aBank Islam
_99363
650 _aBIMB Holdings Bhd
_916405
710 _aBERITA HARIAN
856 _zRequest full-text at [email protected]
942 _2lcc
942 _cNEWS
942 _kNWSC 004920
999 _c14008
_d14008